<?xml version="1.0" encoding="UTF-8"?>
<collection xmlns="http://www.loc.gov/MARC21/slim">
 <record>
  <leader>     na                 </leader>
  <controlfield tag="001">INLIS000000000000675</controlfield>
  <controlfield tag="005">20220113093512</controlfield>
  <controlfield tag="035">$a 0010-0122000009</controlfield>
  <controlfield tag="245">$a Komik Next G: Kakak yang baik /$c Caroline timothy rumasingap</controlfield>
  <controlfield tag="100">$a Caroline timothy rumasingap</controlfield>
  <controlfield tag="250">$a 2</controlfield>
  <controlfield tag="300">$a 96 hlm : $b ilust ; $c 14.5 x 21 cm</controlfield>
  <controlfield tag="260">$a Bandung :$b Muffin Graphics,$c 2021</controlfield>
  <controlfield tag="082">$a 813</controlfield>
  <controlfield tag="084">$a 813 CAR k</controlfield>
  <controlfield tag="020">$a 978-602-367-896-9</controlfield>
  <controlfield tag="990">$a 0314/2021</controlfield>
  <controlfield tag="990">$a 0315/2021</controlfield>
 </record>
</collection>
